| 000 | 00770cab a2200229 4500 | ||
|---|---|---|---|
| 001 | ABS56313 | ||
| 008 | 090401t1996 xxu||||| |||| 00| 0 eng d | ||
| 035 | _a(Sirsi) u22777 | ||
| 041 | _aeng | ||
| 100 | _aChess, P. | ||
| 245 | _aRepair of corrosion damaged structures using cathodic protection | ||
| 260 | _c1996 | ||
| 350 | _a0 | ||
| 490 |
_aConstruction Repair _v10(6) November/December 1996, 33-36(4) |
||
| 520 | _aConsiders the use of cathodic protection to repair concrete corrosion, listing the different types available and discussing its limitations. | ||
| 650 | _aCATHODIC PROTECTION | ||
| 650 | _aCONCRETE CORROSION | ||
| 650 | _aRADIAL BENDS | ||
| 690 | _aBUILDING AND CONSTRUCTION-REPAIRS AND MAINTENANCE | ||
| 942 | _n0 | ||
| 948 | _c04/03/1997 | ||
| 999 |
_c15270 _d15270 |
||